Colleges by Famous Alumni - Statistics

General Stats
  • This quiz has been taken 8 times
  • The average score is 10 of 18
Answer Stats
Alumni Alma Mater % Correct
Barack Obama, JFK, J. Robert Oppenheimer, Bill Gates, Mark Zuckerberg Harvard
75%
Peter Thiel, Larry Page, Sergey Brin Stanford
75%
Gerald Ford, Madonna, Lucy Liu, John & Dan Hostetler UMichigan
75%
Bill Clinton, William Howard Taft, Clarence Thomas, Eli Whitney Yale
75%
Sir Isaac Newton, Charles Darwin, Alan Turing, Sylvia Plath Cambridge
63%
Barack Obama, Ruth Bader Ginsburg, Alexander Hamilton, J.D. Salinger Columbia
63%
Indira Gandhi, J.R.R. Tolkien, John Locke, Stephen Hawking Oxford
63%
Jack Black, Francis Coppola, Jackie Robinson, John Williams UCLA
63%
Elon Musk, Warren Buffett, Tory Burch, Donald Trump UPenn
63%
Angelina Jolie, Lady Gaga, Martin Scorsese, Alec Baldwin NYU
50%
Emma Watson, John Krasinski, Julie Bowen, Ted Turner Brown
38%
Bill Nye, Anthony Fauci, Huey Lewis, Kurt Vonnegut Cornell
38%
Richard Nixon, Tim Cook, Melinda Gates Duke
38%
Buzz Aldrin, Richard Feynman, Benjamin Netanyahu MIT
38%
George R. R. Martin, Seth Meyers Northwestern
38%
James Madison, Woodrow Wilson, Jeff Bezos, Michelle Obama Princeton
38%
Carl Sagan, Bernie Sanders, Philip Glass UChicago
38%
Mike Bloomberg, Woodrow Wilson Johns Hopkins
25%
No matching quizzes found
Score Distribution
Percent of People with Each Score
Percentile by Number Answered
Your Score History
You have not taken this quiz